000 01118nam0a2200349 4500
001 RU\NLR\bibl\200216
005 20260406070951.0
010 _a5-8268-0439-4
021 _aRU
_b2001-25369
_91205
035 _a(NLR Aleph) 000196590
090 _a1138313
_c1138313
100 _a20010808d2001 |||y0rusy50 ca
101 0 _arus
102 _aRU
105 _ay |||||||||
200 1 _aПритча о равновесии
_fГеннадий Гаврилов
210 _aОмск
_cИзд-во ОмГПУ
_d2001
215 _a43 с.
_d15
610 0 _aСказки русские (х. л.)
675 _a821.161.1-31Гаврилов
_v3
_zrus
686 _a17.82
_2rugasnti
686 _a84(2Рос=Рус)6-44
_2rubbk
686 _aШ6(2=Р)75-440.4
700 1 _4070
_8rus
_7ca
_aГаврилов
_cписатель
_bГ. И.
_f1936-2006
_gГеннадий Иванович
_3RU\NLR\auth\7716127
_9125769
801 0 _aRU
_bRKP
_c20010808
_gPSBO
801 1 _aRU
_bRKP
_c20010808
801 2 _aRU
_bNLR
_c20071017
_grcr
942 _cBOOK
980 _aNB
980 _aNBR